Which Presidential Assassin? - Statistics

General Stats
  • This quiz has been taken 535 times
  • The average score is 5 of 10
Answer Stats
Question Answer % Correct
He worked as an actor John Wilkes Booth
96%
He served as a U.S. marine for three years Lee Harvey Oswald
81%
He wasn't born in the 19th century Lee Harvey Oswald
70%
He was an anarchist Leon Czolgosz
70%
He used only one bullet, instead of two, to perform his assassination John Wilkes Booth
59%
It is widely agreed upon by historians that he was severely mentally unstable Charles J. Guiteau
52%
He had a beard Charles J. Guiteau
37%
He had fewer than 5 siblings Lee Harvey Oswald
33%
He never got engaged or married Leon Czolgosz
33%
He was the third cousin of a former U.S. president Lee Harvey Oswald
15%
No matching quizzes found
Score Distribution
Percent of People with Each Score
Percentile by Number Answered
Your Score History
You have not taken this quiz